| 000 | 00955nam a2200229 a 4500 | ||
|---|---|---|---|
| 001 | BRCA_1909 | ||
| 005 | 20190320203610.0 | ||
| 008 | 010713s2000 sp-a---###---#000-0#spa-# | ||
| 020 | _a8495746630 | ||
| 040 |
_aDLC _cDLC |
||
| 050 | 4 |
_aDP178 _b.A78 2000a |
|
| 245 | 1 | 0 | _aEl arte en Cataluña y los reinos hispanos en tiempos de Carlos I. |
| 260 |
_aBarcelona _bSociedad Estatal para la Commemoración de los Centenarios de Felipe II y Carlos V _c2000 |
||
| 300 |
_a428 p. _bil. a color _c29 cm. |
||
| 500 | _aIncluye índice onomástico y topográfico | ||
| 500 | _aExposición realizada en el Salón del Tinell, Museo de Historia (Barcelona, España) 19 diciembre, 2000 - 4 marzo, 2001 | ||
| 504 | _aBibliografía: p. 381-407 | ||
| 600 | 1 | 4 |
_aCarlos I _cEmperador Romano _d1516-1556 _vExposiciones _zEspaña _95888 |
| 651 | 4 |
_aCataluña _xHistoria _zEspaña _95889 |
|
| 651 | 4 |
_aEspaña _vExposiciones _xHistoria _yCarlos I 1516-1556 _95890 |
|
| 942 |
_2lcc _cB |
||
| 999 |
_c1681 _d1681 |
||